Zvláštní část vzdělávání vedoucích úředníků ÚSC. Díl I., Oblast územního rozvoje a koncepcí rozvoje /

Main Author: Rektořík, Jaroslav, 1937-
Other Authors: Šelešovský, Jan, 1947-
Language: Czech
Published: Brno : Masarykova univerzita v Brně, 2004
Edition: 1. vyd.
Series: Učební texty
Physical Description: 65 s. ; 30 cm
Book
Saved in:
LEADER 02308nam a2200541 a 4500
001 000763382
003 CZ BrMZK
005 20101022113719.0
007 ta
008 050211s2004 xr erp 000 0 cze d
015 |a cnb001497118 
020 |a 80-210-3543-9  |q (kroužková vazba) 
035 |a (OCoLC)85134793 
040 |a BOA001  |b cze 
043 |a e-xr--- 
072 7 |a 332  |x Regionální ekonomie, regionální ekonomika  |2 Konspekt  |9 4 
072 7 |a 37.016  |x Učební osnovy. Vyučovací předměty. Učebnice  |2 Konspekt  |9 22 
080 |a 332.055.2  |2 MRF 
080 |a 352  |2 MRF 
080 |a 352:328/329  |2 MRF 
080 |a 353.9  |2 MRF 
080 |a 711.1  |2 MRF 
080 |a (437.3)  |2 MRF 
080 |a (075.8)  |2 MRF 
100 1 |a Rektořík, Jaroslav,  |d 1937-  |7 jn20000810187  |4 aut 
245 1 0 |a Zvláštní část vzdělávání vedoucích úředníků ÚSC.  |n Díl I.,  |p Oblast územního rozvoje a koncepcí rozvoje /  |c Jaroslav Rektořík, Jan Šelešovský a kolektiv 
246 3 0 |a Oblast územního rozvoje a koncepcí rozvoje 
250 |a 1. vyd. 
260 |a Brno :  |b Masarykova univerzita v Brně,  |c 2004 
300 |a 65 s. ;  |c 30 cm 
490 1 |a Učební texty 
500 |a Nad názvem: Masarykova univerzita v Brně. Ekonomicko-správní fakulta ; Ministerstvo vnitra ČR. Odbor přípravy pracovníků ve státní správě 
500 |a 30 výt. 
504 |a Obsahuje bibliografie a bibliografické odkazy 
650 0 7 |a regionální rozvoj  |7 ph125083  |z Česko  |2 czenas 
650 0 7 |a místní rozvoj  |7 ph137520  |z Česko  |2 czenas 
650 0 7 |a místní správa  |7 ph115408  |z Česko  |2 czenas 
650 0 7 |a lokální politika  |7 ph122444  |z Česko  |2 czenas 
650 0 7 |a územní samospráva  |7 ph128366  |z Česko  |2 czenas 
650 0 7 |a územní rozvoj  |7 ph128365  |z Česko  |2 czenas 
655 7 |a učebnice vysokých škol  |7 fd133772  |2 czenas 
700 1 |a Šelešovský, Jan,  |d 1947-  |7 jn20010309844  |4 aut 
810 2 |a Masarykova univerzita.  |b Ekonomicko-správní fakulta.  |t Učební texty  |0 s 
910 |a BOA001  |b 4-1147.990,1 
990 |a BK 
991 |b 200504  |c NOV 
996 6 |b 2610243118  |c 4-1147.990,1  |l MZK  |r Sklad / do 1 hodiny  |n 1  |p p.v.  |w 000763382  |u 000010  |a 1  |e BOA001  |j MZK50  |s P 
996 7 |b 2610243119  |c 4-1147.990,1  |l MZK  |r Sklad / do 1 hodiny  |n 7  |p p.v.  |w 000763382  |u 000020  |a 1  |e BOA001  |j MZK50  |s A